000 00498nam a2200181Ia 4500
008 090124s9999 xx 000 0 und d
082 _b18210
100 _aनंदा गुलशन
245 _a बलिदान
250 _a1
260 _bमनोरंजन प्रकाशन
_c1974
300 _a159
600 _aनंदा गुलशन
630 _a बलिदान
700 _aनंदा गुलशन
730 _a बलिदान
942 _cBOOK
999 _c89435
_d89435